[Event "GER-ch Net qual2 U25"]
[Site "Playchess.com INT"]
[Date "2012.09.05"]
[Round "4"]
[White "Dapprich, Maximilian"]
[Black "Harff, Marcel"]
[Result "0-1"]
[WhiteElo "2029"]
[BlackElo "2229"]
[PlyCount "30"]
[EventDate "2012.09.05"]
[EventType "swiss (blitz)"]
[EventRounds "7"]
[EventCountry "GER"]
[SourceTitle "CBM 150 Extra"]
[Source "ChessBase"]
[SourceDate "2012.10.19"]
[SourceVersion "1"]
[SourceVersionDate "2012.10.19"]
[SourceQuality "1"]

1. d4 Nf6 2. Nf3 e6 3. Bg5 c5 4. e3 Qb6 5. Qc1 Ne4 6. Bf4 Nc6 7. Bd3 d5 8. c3 f5 9. Nbd2 Bd7 10. Ne5 cxd4 11. exd4 Rc8 12. Nxd7 Kxd7 13. Qb1 g5 14. Be5 Nxe5 15. dxe5 Qxf2+ 0-1

[Event "GER-ch Net qual2 U25"]
[Site "Playchess.com INT"]
[Date "2012.09.05"]
[Round "5"]
[White "Hoolt, Sarah"]
[Black "Dapprich, Maximilian"]
[Result "1-0"]
[WhiteElo "2254"]
[BlackElo "2029"]
[PlyCount "63"]
[EventDate "2012.09.05"]
[EventType "swiss (blitz)"]
[EventRounds "7"]
[EventCountry "GER"]
[SourceTitle "CBM 150 Extra"]
[Source "ChessBase"]
[SourceDate "2012.10.19"]
[SourceVersion "1"]
[SourceVersionDate "2012.10.19"]
[SourceQuality "1"]

1. e4 e5 2. Nf3 Nc6 3. Bc4 Bc5 4. d3 d6 5. Ng5 Nh6 6. Qh5 Qf6 7. 0-0 Nd4 8. Nc3 c6 9. a3 Nxc2 10. Rb1 b5 11. Ba2 Nd4 12. b4 Bb6 13. Kh1 Bg4 14. Qh4 Qg6 15. f4 exf4 16. Bxf4 f6 17. Nh3 0-0-0 18. Qg3 Ne2 19. Nxe2 Bxe2 20. Rfc1 Qxg3 21. Bxg3 Kb7 22. Rb3 d5 23. exd5 cxd5 24. Nf4 Be3 25. Nxe2 Bxc1 26. Nxc1 Rc8 27. Rb1 Rc2 28. Bxd5+ Kb6 29. Nb3 Rd8 30. Be4 f5 31. Bf3 Rxd3 32. Nc5 1-0

[Event "GER-ch Net qual1 U25"]
[Site "Playchess.com INT"]
[Date "2012.09.01"]
[Round "3"]
[White "Dapprich, Maximilian"]
[Black "Graf, Felix"]
[Result "0-1"]
[WhiteElo "2029"]
[BlackElo "2368"]
[PlyCount "138"]
[EventDate "2012.09.01"]
[EventType "swiss (blitz)"]
[EventRounds "7"]
[EventCountry "GER"]
[SourceTitle "CBM 150 Extra"]
[Source "ChessBase"]
[SourceDate "2012.10.19"]
[SourceVersion "1"]
[SourceVersionDate "2012.10.19"]
[SourceQuality "1"]

1. d4 e6 2. Nf3 Nf6 3. c4 Bb4+ 4. Bd2 Qe7 5. Nc3 0-0 6. e3 d6 7. Be2 Bxc3 8. Bxc3 Ne4 9. Qc2 Nxc3 10. Qxc3 Nd7 11. 0-0 e5 12. dxe5 dxe5 13. Rfd1 Re8 14. Rac1 b6 15. Nd2 Bb7 16. Bf3 Bxf3 17. Nxf3 Nf6 18. Qc2 e4 19. Nd4 c5 20. Nb5 Qe5 21. Qc3 Qxc3 22. Nxc3 Rad8 23. Kf1 Kf8 24. Ke2 Ke7 25. a3 Ke6 26. Nb5 Rxd1 27. Rxd1 Re7 28. Rd6+ Ke5 29. Rd2 a6 30. Nc3 Rd7 31. Rxd7 Nxd7 32. Nd5 b5 33. b3 bxc4 34. bxc4 a5 35. a4 f5 36. f3 Nb8 37. f4+ Kd6 38. h3 Nc6 39. g4 Nb4 40. Nc3 g6 41. Nb5+ Kc6 42. gxf5 gxf5 43. Nc3 Nd3 44. Nd5 Nb2 45. Ne7+ Kd7 46. Nxf5 Nxc4 47. Ng3 Nb6 48. Kd2 Nxa4 49. Nxe4 Ke6 50. Nc3 Nb6 51. Nb5 Nc4+ 52. Kd3 Nb2+ 53. Kc3 Nd1+ 54. Kd2 Nf2 55. Ke2 Ne4 56. Nc7+ Kd7 57. Nb5 a4 58. Kd3 Nf6 59. e4 Nh5 60. Ke3 Kc6 61. f5 Kxb5 62. e5 Kc6 63. e6 Kd6 64. Kf3 Nf6 65. Kf4 Ke7 66. Kg5 a3 67. h4 a2 68. Kf4 a1Q 69. h5 Qd4+ 0-1

[Event "GER-ch Net qual1 U25"]
[Site "Playchess.com INT"]
[Date "2012.09.01"]
[Round "1"]
[White "Dapprich, Maximilian"]
[Black "Gruber, Roland"]
[Result "1-0"]
[WhiteElo "2029"]
[BlackElo "1960"]
[PlyCount "43"]
[EventDate "2012.09.01"]
[EventType "swiss (blitz)"]
[EventRounds "7"]
[EventCountry "GER"]
[SourceTitle "CBM 150 Extra"]
[Source "ChessBase"]
[SourceDate "2012.10.19"]
[SourceVersion "1"]
[SourceVersionDate "2012.10.19"]
[SourceQuality "1"]

1. d4 g6 2. c4 Bg7 3. Nc3 d6 4. Nf3 Bg4 5. e3 c5 6. Be2 cxd4 7. exd4 Nh6 8. h3 Bxf3 9. Bxf3 Nc6 10. Qa4 Qd7 11. Ne2 Nxd4 12. Qxd7+ Kxd7 13. Nxd4 Bxd4 14. Bxh6 Bxb2 15. Rb1 Bc3+ 16. Bd2 Bxd2+ 17. Kxd2 Rab8 18. Rxb7+ Rxb7 19. Bxb7 Rb8 20. Rb1 Kc7 21. Be4 Rd8 22. Rb7+ 1-0

[Event "Karl Mala Memorial op 12th"]
[Site "Frankfurt"]
[Date "2009.07.19"]
[Round "7"]
[White "Dapprich, Maximilian"]
[Black "Hirth, Ulrich"]
[Result "1-0"]
[WhiteElo "1982"]
[BlackElo "2119"]
[PlyCount "121"]
[EventDate "2009.07.16"]
[EventType "swiss"]
[EventRounds "7"]
[EventCountry "GER"]
[SourceTitle "EXT 2010"]
[Source "ChessBase"]
[SourceDate "2010.11.25"]
[SourceVersion "1"]
[SourceVersionDate "2010.11.25"]
[SourceQuality "1"]

1. d4 g6 2. c4 Bg7 3. Nc3 c5 4. d5 Bxc3+ 5. bxc3 e5 6. e4 d6 7. f4 Nd7 8. Nf3 Qf6 9. fxe5 Nxe5 10. Bd2 Nxf3+ 11. Qxf3 Qxf3 12. gxf3 Nf6 13. Bd3 Nh5 14. f4 Kd8 15. 0-0 Kc7 16. e5 Ng7 17. Rfe1 Nf5 18. Re2 Bd7 19. Rae1 Rhe8 20. Be3 b6 21. Bf2 Kb7 22. Bxf5 gxf5 23. exd6 Rxe2 24. Rxe2 Re8 25. Re7 Rxe7 26. dxe7 Ka6 27. Kg2 Ka5 28. Be3 Ka4 29. Bc1 b5 30. Be3 b4 31. Bxc5 b3 32. axb3+ Kxb3 33. Bxa7 Kxc4 34. d6 Kxc3 35. Kg3 Kc4 36. Kh4 Kd5 37. Bb8 Ke6 38. Kg5 f6+ 39. Kh6 Kf7 40. Kxh7 Bc6 41. Bc7 Bb5 42. Kh6 Be8 43. Kh5 Kg7+ 44. Kh4 Kf7 45. Kg3 Ke6 46. Kf3 Bh5+ 47. Ke3 Be8 48. Kd4 Bf7 49. Kc5 Kd7 50. Ba5 Be8 51. Bc3 Ke6 52. h4 Kd7 53. Bxf6 Bf7 54. Bc3 Bh5 55. Kd5 Be8 56. Ke5 Bf7 57. Bb4 Ke8 58. Kf6 Bh5 59. Kg5 Bf7 60. h5 Bg8 61. Kf6 1-0

[Event "GER-ch Net final U25"]
[Site "Playchess.com INT"]
[Date "2009.06.21"]
[Round "6"]
[White "Dapprich, Maximilian"]
[Black "Jahncke, Giso"]
[Result "1-0"]
[WhiteElo "1941"]
[BlackElo "2106"]
[PlyCount "79"]
[EventDate "2009.06.21"]
[EventType "swiss (blitz)"]
[EventRounds "9"]
[EventCountry "GER"]
[SourceTitle "CBM 130 Extra"]
[Source "ChessBase"]
[SourceDate "2009.07.02"]
[SourceVersion "2"]
[SourceVersionDate "2009.07.15"]
[SourceQuality "1"]

1. e4 c5 2. Nf3 Nc6 3. d4 cxd4 4. Nxd4 Nf6 5. Nc3 e5 6. Ndb5 d6 7. Nd5 Nxd5 8. exd5 Nb8 9. c4 Be7 10. Be2 a6 11. Nc3 0-0 12. 0-0 f5 13. f4 Bf6 14. Be3 Nd7 15. Kh1 exf4 16. Bxf4 Be5 17. Qd2 Bxf4 18. Qxf4 g5 19. Qg3 f4 20. Qf2 Ne5 21. Ne4 Bf5 22. Qd4 Qe7 23. Rae1 Rae8 24. Bd1 Bxe4 25. Qxe4 Qf6 26. Bc2 Ng6 27. Qd3 g4 28. Bd1 Ne5 29. Qd4 Qg5 30. Qe4 g3 31. h3 Ng4 32. Qxe8 Rxe8 33. Rxe8+ Kf7 34. Re6 Nf2+ 35. Kg1 Qf5 36. Rfe1 Qd3 37. Re7+ Kf6 38. R1e6+ Kg5 39. Rg7+ Kf5 40. Bg4+ 1-0

[Event "GER-ch Net qual4 U25"]
[Site "Playchess.com INT"]
[Date "2009.06.17"]
[Round "4"]
[White "Dapprich, Maximilian"]
[Black "Stotyn, Fabian"]
[Result "0-1"]
[WhiteElo "1941"]
[BlackElo "2064"]
[PlyCount "92"]
[EventDate "2009.06.17"]
[EventType "swiss (blitz)"]
[EventRounds "7"]
[EventCountry "GER"]
[SourceTitle "CBM 130 Extra"]
[Source "ChessBase"]
[SourceDate "2009.07.02"]
[SourceVersion "2"]
[SourceVersionDate "2009.07.15"]
[SourceQuality "1"]

1. d4 e6 2. c4 d5 3. Nc3 Nf6 4. Nf3 c6 5. Bg5 Nbd7 6. e3 Qa5 7. cxd5 cxd5 8. Bd3 h6 9. Bh4 Bb4 10. Qc2 0-0 11. 0-0 a6 12. a3 Bxc3 13. Qxc3 Qxc3 14. bxc3 b5 15. a4 bxa4 16. Rxa4 Nb6 17. Rb4 Nfd7 18. Rfb1 Rb8 19. Bg3 Ra8 20. Rxb6 Nxb6 21. Rxb6 a5 22. Bb5 a4 23. Bd6 a3 24. Bxa3 Rxa3 25. g3 Rxc3 26. Ba6 Bxa6 27. Rxa6 Rfc8 28. Ra2 f6 29. h4 Kf7 30. Kg2 Ke7 31. Nd2 Rc2 32. Rxc2 Rxc2 33. Nb3 Kd6 34. Nc5 Rxc5 35. dxc5+ Kxc5 36. Kf3 e5 37. Ke2 Kc4 38. Kd2 d4 39. e4 g5 40. f3 gxh4 41. gxh4 h5 42. Kc2 d3+ 43. Kd2 Kd4 44. Kd1 Ke3 45. Ke1 Kxf3 46. Kd2 Kxe4 0-1

[Event "GER-ch Net qual4 U25"]
[Site "Playchess.com INT"]
[Date "2009.06.17"]
[Round "5"]
[White "Figura, Atila Gajo"]
[Black "Dapprich, Maximilian"]
[Result "0-1"]
[WhiteElo "2417"]
[BlackElo "1941"]
[PlyCount "77"]
[EventDate "2009.06.17"]
[EventType "swiss (blitz)"]
[EventRounds "7"]
[EventCountry "GER"]
[SourceTitle "CBM 130 Extra"]
[Source "ChessBase"]
[SourceDate "2009.07.02"]
[SourceVersion "2"]
[SourceVersionDate "2009.07.15"]
[SourceQuality "1"]

1. e4 e5 2. Nf3 Nc6 3. Bb5 a6 4. Ba4 Nf6 5. 0-0 b5 6. Bb3 Bc5 7. c3 d6 8. d4 Bb6 9. h3 Bb7 10. Re1 0-0 11. a4 exd4 12. cxd4 Re8 13. Bg5 h6 14. Bh4 g5 15. Bxg5 hxg5 16. Nxg5 d5 17. e5 Nxd4 18. Nd2 Ba5 19. Ngf3 Nxf3+ 20. Qxf3 Bxd2 21. exf6 Rxe1+ 22. Rxe1 Bxe1 23. Qg4+ Kf8 24. Qg7+ Ke8 25. Qg8+ Kd7 26. Qxf7+ Kd6 27. Qg7 Ba5 28. g4 Qe8 29. f7 Qe1+ 30. Kg2 d4+ 31. Kg3 Qg1+ 32. Kh4 Qxf2+ 33. Kh5 Bd2 34. h4 Bd5 35. Bxd5 Kxd5 36. g5 Bb4 37. axb5 Bf8 38. Qf6 Qxf6 39. gxf6 0-1

[Event "GER-ch Net qual4 U25"]
[Site "Playchess.com INT"]
[Date "2009.06.17"]
[Round "6"]
[White "Mantler, Hendrik"]
[Black "Dapprich, Maximilian"]
[Result "0-1"]
[WhiteElo "2164"]
[BlackElo "1941"]
[PlyCount "97"]
[EventDate "2009.06.17"]
[EventType "swiss (blitz)"]
[EventRounds "7"]
[EventCountry "GER"]
[SourceTitle "CBM 130 Extra"]
[Source "ChessBase"]
[SourceDate "2009.07.02"]
[SourceVersion "2"]
[SourceVersionDate "2009.07.15"]
[SourceQuality "1"]

1. e4 e5 2. Nf3 Nc6 3. Bc4 Nf6 4. d3 Be7 5. 0-0 d6 6. Bb3 0-0 7. c3 Bg4 8. Nbd2 d5 9. Qe2 dxe4 10. dxe4 Re8 11. h3 Bh5 12. Rd1 Bf8 13. Nf1 Qe7 14. Ng3 Bg6 15. Bg5 Rad8 16. Nh4 Na5 17. Ngf5 Qc5 18. Ba4 Nc6 19. Nh6+ gxh6 20. Bxf6 Rxd1+ 21. Rxd1 Re6 22. Nxg6 hxg6 23. Bh4 Rd6 24. Bg3 Rxd1+ 25. Qxd1 Qd6 26. Qd5 Qxd5 27. exd5 Ne7 28. c4 Bg7 29. Kf1 Nf5 30. Bh2 Kf8 31. Ke2 Ke7 32. g4 Nd4+ 33. Kd3 f5 34. Bd1 c6 35. dxc6 e4+ 36. Ke3 Nxc6 37. b3 Bd4+ 38. Ke2 Kf6 39. a3 Be5 40. Bg1 Nd4+ 41. Ke3 Ne6 42. b4 Nf4 43. gxf5 Nxh3 44. fxg6 Nxg1 45. f4 exf3 46. Kf2 Bd4+ 47. Kg3 f2 48. Kg2 Kxg6 49. a4 0-1

[Event "GER-ch Net qual4 U25"]
[Site "Playchess.com INT"]
[Date "2009.06.17"]
[Round "3"]
[White "Zhou, Syang"]
[Black "Dapprich, Maximilian"]
[Result "0-1"]
[WhiteElo "2090"]
[BlackElo "1941"]
[PlyCount "72"]
[EventDate "2009.06.17"]
[EventType "swiss (blitz)"]
[EventRounds "7"]
[EventCountry "GER"]
[SourceTitle "CBM 130 Extra"]
[Source "ChessBase"]
[SourceDate "2009.07.02"]
[SourceVersion "2"]
[SourceVersionDate "2009.07.15"]
[SourceQuality "1"]

1. e4 e5 2. Nf3 Nc6 3. Bb5 a6 4. Ba4 Nf6 5. 0-0 b5 6. Bb3 Bc5 7. Nxe5 Nxe5 8. d4 Bxd4 9. Qxd4 d6 10. Bg5 c5 11. Bxf6 gxf6 12. Qd2 c4 13. f4 Nc6 14. a4 cxb3 15. axb5 bxc2 16. bxc6 cxb1Q 17. Raxb1 Qb6+ 18. Kh1 Qxc6 19. Rbc1 Qd7 20. Qd4 Rg8 21. f5 Bb7 22. Qxf6 Qd8 23. Qd4 Rg4 24. Rfe1 Qe7 25. Qh8+ Kd7 26. Qxh7 Bxe4 27. Qh3 Qg5 28. f6 Bxg2+ 29. Qxg2 Rxg2 30. Re7+ Kd8 31. Rce1 Rf2 32. Re8+ Kd7 33. R8e7+ Kc6 34. Rc1+ Kb6 35. Rg1 Qd5+ 36. Rg2 Qxg2# 0-1

[Event "GER-chT U20"]
[Site "Kelheim"]
[Date "2007.12.30"]
[Round "7.3"]
[White "Dapprich, Maximilian"]
[Black "Piven, Vladimir1111"]
[Result "1-0"]
[WhiteElo "1922"]
[BlackElo "1713"]
[PlyCount "99"]
[EventDate "2007.12.27"]
[EventType "team-swiss"]
[EventRounds "7"]
[EventCountry "GER"]
[SourceTitle "EXT 2022"]
[Source "ChessBase"]
[SourceDate "2021.10.06"]
[SourceVersion "1"]
[SourceVersionDate "2021.10.06"]
[SourceQuality "1"]
[WhiteTeam "Hofheim U20"]
[BlackTeam "Bad Mergentheim U20"]
[WhiteTeamCountry "GER"]
[BlackTeamCountry "GER"]

1. d4 d5 2. Nf3 Nf6 3. c4 e6 4. Nc3 Nbd7 5. Bg5 c6 6. e3 Bb4 7. Bd3 Qa5 8. 0-0 Bxc3 9. bxc3 dxc4 10. Bxc4 Ne4 11. Bh4 Nxc3 12. Qb3 0-0 13. Be7 Ne4 14. Bxf8 Nxf8 15. Bd3 Nf6 16. Rfc1 N8d7 17. Rab1 e5 18. dxe5 Nxe5 19. Nxe5 Qxe5 20. Qc3 Qg5 21. Qc5 Qh4 22. Qe5 g6 23. g3 Qxh2+ 24. Kxh2 Ng4+ 25. Kg2 Nxe5 26. Be2 f6 27. f4 Nf7 28. Bf3 Kf8 29. Rd1 Ke7 30. g4 Nd6 31. Rh1 h5 32. gxh5 gxh5 33. Rxh5 a6 34. Rh7+ Kf8 35. Rd1 Kg8 36. Re7 Kf8 37. Rc7 Ne8 38. Rh7 Kg8 39. Re7 Kf8 40. Rh7 Kg8 41. Rdh1 Nd6 42. Bd1 c5 43. Bf3 c4 44. Bd5+ Kf8 45. Rh8+ Ke7 46. R1h7+ Nf7 47. Rxf7+ Kd6 48. Rd8+ Kc5 49. Rc7+ Kb4 50. Rxc4+ 1-0

[Event "GER-chT U20"]
[Site "Kelheim"]
[Date "2007.12.27"]
[Round "2.3"]
[White "Krutwig, Longlong"]
[Black "Dapprich, Maximilian"]
[Result "1-0"]
[WhiteElo "2023"]
[BlackElo "1922"]
[PlyCount "79"]
[EventDate "2007.12.27"]
[EventType "team-swiss"]
[EventRounds "7"]
[EventCountry "GER"]
[SourceTitle "EXT 2022"]
[Source "ChessBase"]
[SourceDate "2021.10.06"]
[SourceVersion "1"]
[SourceVersionDate "2021.10.06"]
[SourceQuality "1"]
[WhiteTeam "Koeln Muelheim U20"]
[BlackTeam "Hofheim U20"]
[WhiteTeamCountry "GER"]
[BlackTeamCountry "GER"]

1. d4 d5 2. Nf3 Nf6 3. Bf4 c5 4. c3 Qb6 5. Qb3 Nc6 6. dxc5 Qxc5 7. e3 e6 8. Nbd2 h6 9. Rd1 Nh5 10. Be5 Nxe5 11. Nxe5 a6 12. e4 Nf6 13. exd5 Qxd5 14. Ndc4 Qe4+ 15. Be2 b5 16. Rd4 Qb1+ 17. Rd1 Qe4 18. f3 Qb7 19. Nd2 Bc5 20. c4 Qc7 21. Nd3 bxc4 22. Qxc4 Bb6 23. Qxc7 Bxc7 24. Rc1 Nd5 25. 0-0 Bb6+ 26. Kh1 Be3 27. Rc2 Ke7 28. Nc4 Bd7 29. f4 Rhc8 30. Bf3 Bb5 31. b3 Bd4 32. Re1 Kf6 33. a4 Bxc4 34. Rxc4 Bb6 35. Nb4 Ba5 36. Bxd5 Bxb4 37. Rxb4 exd5 38. Rb6+ Kf5 39. Rb7 Kf6 40. g4 1-0

[Event "GER-chT U20"]
[Site "Kelheim"]
[Date "2007.12.27"]
[Round "1.3"]
[White "Nuber, Blasius"]
[Black "Dapprich, Maximilian"]
[Result "0-1"]
[WhiteElo "2113"]
[BlackElo "1922"]
[PlyCount "78"]
[EventDate "2007.12.27"]
[EventType "team-swiss"]
[EventRounds "7"]
[EventCountry "GER"]
[SourceTitle "EXT 2022"]
[Source "ChessBase"]
[SourceDate "2021.10.06"]
[SourceVersion "1"]
[SourceVersionDate "2021.10.06"]
[SourceQuality "1"]
[WhiteTeam "Dillingen U20"]
[BlackTeam "Hofheim U20"]
[WhiteTeamCountry "GER"]
[BlackTeamCountry "GER"]

1. e4 e5 2. Nf3 Nc6 3. d4 exd4 4. Nxd4 Qf6 5. Be3 Bc5 6. c3 Nge7 7. Bc4 Ne5 8. Be2 Qg6 9. 0-0 d6 10. Nd2 Bh3 11. Bf3 0-0 12. b4 Bb6 13. Nc2 f5 14. Bxb6 axb6 15. Kh1 Nxf3 16. Qxf3 Bg4 17. Qd3 fxe4 18. Qc4+ Rf7 19. Ne3 Nc6 20. Nxg4 Qxg4 21. f3 Qd7 22. Qxe4 Re7 23. Qd3 Ne5 24. Qd5+ Kh8 25. Qxb7 Ra3 26. Ne4 h6 27. Qd5 b5 28. Rfd1 Nc4 29. Qb7 Qe8 30. Qd5 Ne3 31. Qd2 Nxd1 32. Rxd1 Qf7 33. Qd3 Re5 34. Ra1 Rxa2 35. Rxa2 Qxa2 36. h3 Qc4 37. Qc2 d5 38. Nc5 Re1+ 39. Kh2 Qf4+ 0-1